Advanced medical radiation dosimetry / (Record no. 12817)
[ view plain ]
| 000 -LEADER | |
|---|---|
| fixed length control field | 00776nam a22002537a 4500 |
| 001 - CONTROL NUMBER | |
| control field | 12817 |
| 003 - CONTROL NUMBER IDENTIFIER | |
| rucl marc code | BD-RjUL |
| 005 - DATE AND TIME OF LATEST TRANSACTION | |
| control field | 20211208235348.0 |
| 008 - FIXED-LENGTH DATA ELEMENTS--GENERAL INFORMATION | |
| fixed length control field | 140129r19961992ii a|||| b||| 001 0 eng d |
| 020 ## - INTERNATIONAL STANDARD BOOK NUMBER | |
| International Standard Book Number | 8120307062 |
| 035 ## - SYSTEM CONTROL NUMBER | |
| System control number | (BD-RjUL)12867 |
| 040 ## - CATALOGING SOURCE | |
| Original cataloging agency | BD-RjUL |
| Language of cataloging | eng |
| Transcribing agency | BD-RjUL |
| 041 ## - LANGUAGE CODE | |
| Language code of text/sound track or separate title | eng |
| 082 04 - DEWEY DECIMAL CLASSIFICATION NUMBER | |
| Classification number | 612.01448 |
| Author mark and year | RAA 1996 |
| Edition number | 20 |
| 100 1# - MAIN ENTRY--PERSONAL NAME | |
| Personal name | Rajan, K N Govinda. |
| 9 (RLIN) | 39940 |
| 245 1# - TITLE STATEMENT | |
| Title | Advanced medical radiation dosimetry / |
| Statement of responsibility, etc. | by K N Govinda Rajan. |
| 260 ## - PUBLICATION, DISTRIBUTION, ETC. (IMPRINT) | |
| Place of publication, distribution, etc. | New Delhi : |
| Name of publisher, distributor, etc. | Prentice-Hall of India, |
| Date of publication, distribution, etc. | ©1992 [1996]. |
| 300 ## - PHYSICAL DESCRIPTION | |
| Pagination | xxi, 522 p. : |
| Illustrations | ill. ; |
| Size | 24 cm. |
| 504 ## - BIBLIOGRAPHY, ETC. NOTE | |
| Bibliography, etc | Includes bibliographies and index. |
| 650 #0 - SUBJECT ADDED ENTRY--TOPICAL TERM | |
| Topical term or geographic name as entry element | Radiation dosimetry. |
| 9 (RLIN) | 28149 |
| Topical term or geographic name as entry element | Tumors |
| General subdivision | Radiotherapy. |
| 9 (RLIN) | 39941 |
| Topical term or geographic name as entry element | Radiotherapy Dosage. |
| 9 (RLIN) | 39942 |
| 942 ## - ADDED ENTRY ELEMENTS (KOHA) | |
| Source of classification or shelving scheme | Dewey Decimal Classification |
| Koha item type | Books |
| Lost status | Source of classification or shelving scheme | Damaged status | Not for loan | Collection code | Permanent Location | Current Location | Shelving location | Date acquired | Source of acquisition | Cost, normal purchase price | Total Checkouts | Full call number | Date last seen | Copy number | Koha item type |
|---|---|---|---|---|---|---|---|---|---|---|---|---|---|---|---|
| Dewey Decimal Classification | Non-fiction | Central Library, University of Rajshahi | Central Library, University of Rajshahi | 22/04/2008 | Dhaka Paragon Enterprise Ltd. | 200.00 | 612.01448 RAA 1996 | 29/01/2014 | C-3 | Books | |||||
| Dewey Decimal Classification | Non-fiction | Central Library, University of Rajshahi | Central Library, University of Rajshahi | 22/04/2008 | Dhaka, Paragon Enterprises Ltd. | 200.00 | 612.01448 RAA 1996 | 01/02/2014 | C-4 | Books | |||||
| Dewey Decimal Classification | Non-fiction | Central Library, University of Rajshahi | Central Library, University of Rajshahi | 08/10/2005 | Dhaka paragon enterprises ltd. | 200.00 | 612.01448 RAA 1992 | 29/10/2016 | C-5 | Books | |||||
| Dewey Decimal Classification | Not For Loan | Non-fiction | Central Library, University of Rajshahi | Central Library, University of Rajshahi | Reading Room | 08/10/2005 | paragon enterprise, Dhaka | 200.00 | 612.01448 RAA 1996 | 16/03/2017 | C-1 | Books |